| 000 | 00820nam a2200253 a 4500 | ||
|---|---|---|---|
| 001 | BRCA_4891 | ||
| 005 | 20190320204839.0 | ||
| 008 | 751101d1939----mx-a######---#000-0#eng-d | ||
| 041 | _aeng | ||
| 044 | _amx | ||
| 050 | 4 |
_aF1201 _b.M45 1939 |
|
| 245 | 1 | 0 |
_aMexican Art & Life _bapril 1939. |
| 260 |
_aMéxico _bD.A.P.P.(Departamento Autónomo de Prensa y Publicidad) _c1939 |
||
| 300 |
_a1 v. (sin paginación) _bil. (algunas a color) _c34 cm. |
||
| 500 | _aNúm. 6 abril, 1939 | ||
| 500 | _aEstado físico: ejemplar deteriorado | ||
| 500 | _aRevista inventariada por Banco de México como libro | ||
| 500 | _apublicada de enero 1938 a julio 1939 | ||
| 500 | _aDD12 | ||
| 650 | 1 | 4 |
_aArte _vRevistas _zMéxico _912395 |
| 650 | 1 | 4 |
_aArte mexicano _xPublicaciones periódicas _912396 |
| 902 | _aGFM | ||
| 942 |
_2lcc _cB |
||
| 999 |
_c4585 _d4585 |
||